[Event "12. Torneo de Promoción Almansa 2017"]
[Site "Almansa ESP"]
[Date "2017.08.05"]
[Round "8.8"]
[White "Prieto Aranguren, Alain"]
[Black "Cebrian Flores, Juan Antonio"]
[Result "1-0"]
[WhiteElo "2286"]
[BlackElo "2057"]
[PlyCount "66"]
[EventDate "2017.08.01"]
[EventType "swiss"]
[EventRounds "9"]
[EventCountry "ESP"]
[SourceTitle "Ajedrez en Madrid"]
[Source "lmi"]
[SourceDate "2017.08.01"]
[SourceVersion "1"]
[SourceVersionDate "2017.08.11"]
[SourceQuality "1"]

1. d4 g6 2. c4 d6 3. Nf3 Bg7 4. Nc3 Nf6 5. e4 O-O 6. Be2 e5 7. d5 a5 8. Bg5 h6
9. Bh4 Qe8 10. Nd2 Nh7 11. O-O h5 12. f3 Bh6 13. a3 Be3+ 14. Kh1 Bd7 15. b3 Na6
16. Ra2 f6 17. Qb1 f5 18. exf5 gxf5 19. Bf2 Bf4 20. b4 axb4 21. axb4 Qe7 22. c5
dxc5 23. Bxa6 bxa6 24. Bxc5 Qh4 25. Bg1 Kh8 26. Qe1 Qg5 27. Nc4 h4 28. Nxe5
Rae8 29. Bd4 Nf6 30. Nxd7 Rxe1 31. Rxe1 Kg8 32. Nxf8 Kxf8 33. Rxa6 h3 1-0

[Event "12. Torneo de Promoción Almansa 2017"]
[Site "Almansa ESP"]
[Date "2017.08.05"]
[Round "8.10"]
[White "Garcia Munoz, Raul"]
[Black "Gimenez Menchon, Cesar"]
[Result "0-1"]
[WhiteElo "2003"]
[BlackElo "2167"]
[PlyCount "104"]
[EventDate "2017.08.01"]
[EventType "swiss"]
[EventRounds "9"]
[EventCountry "ESP"]
[SourceTitle "Ajedrez en Madrid"]
[Source "lmi"]
[SourceDate "2017.08.01"]
[SourceVersion "1"]
[SourceVersionDate "2017.08.11"]
[SourceQuality "1"]

1. d4 d5 2. c4 e6 3. Nc3 c5 4. cxd5 exd5 5. Nf3 Nc6 6. g3 Nf6 7. Bg2 Be7 8. O-O
O-O 9. Bf4 Bg4 10. dxc5 Bxc5 11. h3 Bxf3 12. Bxf3 d4 13. Na4 Be7 14. Rc1 Qd7
15. Kg2 Nd5 16. Bd2 Ne5 17. Be4 Nf6 18. Bf3 d3 19. Nc5 Bxc5 20. Rxc5 Nxf3 21.
exf3 Rac8 22. Rc3 Rxc3 23. Bxc3 Nd5 24. Bd2 Rc8 25. Re1 Rc2 26. Bc3 f6 27. Re4
Nxc3 28. bxc3 Rxc3 29. Re3 b5 30. Qd2 b4 31. a3 a5 32. axb4 axb4 33. Qa2+ b3
34. Qa8+ Rc8 35. Rxd3 Rxa8 36. Rxd7 Rb8 37. Rd1 b2 38. Rb1 Kf7 39. Kf1 Ke6 40.
Ke2 Rb3 41. f4 Kd5 42. Kd2 Ke4 43. Ke2 f5 44. h4 Kd4 45. Kd2 h5 46. Kc2 Rb7 47.
Kd2 g6 48. Ke2 Ke4 49. Kd2 Kf3 50. Ke1 Rb8 51. Kf1 Rc8 52. Re1 Rc1 0-1

[Event "12. Torneo de Promoción Almansa 2017"]
[Site "Almansa ESP"]
[Date "2017.08.05"]
[Round "8.12"]
[White "Nicolas Zapata, Javier"]
[Black "Perez Beltran, Salvador"]
[Result "1-0"]
[WhiteElo "2138"]
[BlackElo "1908"]
[PlyCount "77"]
[EventDate "2017.08.01"]
[EventType "swiss"]
[EventRounds "9"]
[EventCountry "ESP"]
[SourceTitle "Ajedrez en Madrid"]
[Source "lmi"]
[SourceDate "2017.08.01"]
[SourceVersion "1"]
[SourceVersionDate "2017.08.11"]
[SourceQuality "1"]

1. e4 c6 2. d4 d5 3. exd5 cxd5 4. c4 Nf6 5. Nc3 Nc6 6. Bg5 Be6 7. Nge2 Nh5 8.
Qb3 Na5 9. Qb5+ Bd7 10. Qxd5 h6 11. Bh4 g5 12. Bg3 Nf6 13. Qf3 Nxc4 14. Qxb7
Rc8 15. Nb5 Bc6 16. Nc7+ Kd7 17. Qb3 Na5 18. Qb4 Rxc7 19. Qxa5 Rb7 20. Qxd8+
Kxd8 21. Rc1 Kd7 22. Nc3 Rxb2 23. d5 Bb7 24. Na4 Rb4 25. Nc5+ Ke8 26. a3 Rb2
27. Be5 Rb6 28. d6 Rg8 29. Nxb7 Rxb7 30. Rc8+ Kd7 31. Rc7+ Rxc7 32. dxc7 Bg7
33. Ba6 Bh8 34. Ke2 Nd5 35. c8=Q+ Rxc8 36. Bxc8+ Kxc8 37. Bxh8 Nf4+ 38. Kf3 f6
39. h4 1-0

[Event "12. Torneo de Promoción Almansa 2017"]
[Site "Almansa ESP"]
[Date "2017.08.06"]
[Round "9.1"]
[White "Gonzalez Laso, Adrian"]
[Black "Romero Berruezo, Francisco"]
[Result "1-0"]
[WhiteElo "2210"]
[BlackElo "2132"]
[PlyCount "127"]
[EventDate "2017.08.01"]
[EventType "swiss"]
[EventRounds "9"]
[EventCountry "ESP"]
[SourceTitle "Ajedrez en Madrid"]
[Source "lmi"]
[SourceDate "2017.08.01"]
[SourceVersion "1"]
[SourceVersionDate "2017.08.11"]
[SourceQuality "1"]

1. e4 e6 2. d4 d5 3. Nc3 Nf6 4. Bg5 dxe4 5. Nxe4 Be7 6. Bxf6 gxf6 7. Nf3 f5 8.
Nc3 a6 9. Qe2 b5 10. O-O-O b4 11. Na4 Qd5 12. Qe5 Qxe5 13. Nxe5 Bb7 14. Rg1 Rg8
15. g3 f6 16. Nd3 Bd6 17. Nac5 Bxc5 18. Nxc5 Bd5 19. c4 bxc3 20. bxc3 Kf7 21.
c4 Be4 22. Re1 Nc6 23. Nxe4 fxe4 24. Rxe4 Rad8 25. d5 exd5 26. cxd5 Ne7 27.
Bxa6 Nxd5 28. Bc4 c6 29. Rge1 Rd7 30. Rh4 Rh8 31. Re3 Re7 32. Kd2 Rxe3 33. fxe3
Ke7 34. Bxd5 cxd5 35. Kd3 Ke6 36. a4 Ra8 37. Kc3 Kd6 38. Kb4 Rb8+ 39. Kc3 Ra8
40. Kd3 Ke5 41. Ke2 f5 42. Kf3 Ra7 43. h3 h6 44. Rh5 Rxa4 45. g4 Ra3 46. Rxf5+
Ke6 47. Rh5 d4 48. Rxh6+ Kf7 49. h4 Rxe3+ 50. Kf4 Re1 51. Rd6 Rd1 52. h5 Ke7
53. Rd5 Ke6 54. Re5+ Kd6 55. Re8 Kd7 56. Re4 Kd6 57. h6 Rf1+ 58. Kg5 Kd5 59.
Re8 Rh1 60. Kg6 d3 61. h7 d2 62. Rd8+ Ke4 63. Rxd2 Kf4 64. Rd4+ 1-0

[Event "12. Torneo de Promoción Almansa 2017"]
[Site "Almansa ESP"]
[Date "2017.08.06"]
[Round "9.2"]
[White "Lara Granero, Bio"]
[Black "Castellanos Gomez, Alejandro"]
[Result "0-1"]
[WhiteElo "2063"]
[BlackElo "2238"]
[PlyCount "130"]
[EventDate "2017.08.01"]
[EventType "swiss"]
[EventRounds "9"]
[EventCountry "ESP"]
[SourceTitle "Ajedrez en Madrid"]
[Source "lmi"]
[SourceDate "2017.08.01"]
[SourceVersion "1"]
[SourceVersionDate "2017.08.11"]
[SourceQuality "1"]

1. b3 d5 2. Bb2 Nf6 3. Nf3 Bf5 4. e3 e6 5. Nc3 Nbd7 6. Ne2 Bd6 7. Ng3 Bg6 8. d4
c6 9. Bd3 Qb8 10. a4 O-O 11. Nh4 Re8 12. f4 c5 13. Nf3 cxd4 14. Bxd4 e5 15.
fxe5 Nxe5 16. Nxe5 Bxe5 17. O-O Bxg3 18. hxg3 Qxg3 19. Rf3 Qg5 20. Bxf6 gxf6
21. Qf1 Rxe3 22. Rxf6 Rg3 23. Bxg6 hxg6 24. Rf3 Rc8 25. Rxg3 Qxg3 26. Re1 Qh4
27. Qe2 Rxc2 28. Qe8+ Kg7 29. Rf1 Qd4+ 30. Kh1 Rc7 31. Qd8 Qe5 32. Qb8 a6 33.
Qa7 d4 34. Qb6 Rd7 35. Qb4 d3 36. Qd2 Rd4 37. Rf3 Rh4+ 38. Kg1 Qd4+ 39. Qe3
Qxe3+ 40. Rxe3 Rd4 41. Re1 Rb4 42. Rb1 Kf6 43. Kf2 Ke5 44. Ke3 Rd4 45. Kd2 Rg4
46. Kxd3 Rxg2 47. Re1+ Kd6 48. Re8 f5 49. Rb8 Kc7 50. Rf8 Rg4 51. Rf6 f4 52.
Ke4 g5 53. Kd5 Rg3 54. b4 Rd3+ 55. Kc4 Rd6 56. Rf7+ Rd7 57. Rf6 Rg7 58. Kd5 Kd7
59. Rb6 Ke8 60. Ke4 Kf8 61. Rf6+ Rf7 62. Rd6 f3 63. Rd1 f2 64. Rf1 g4 65. Ke3
g3 0-1

[Event "12. Torneo de Promoción Almansa 2017"]
[Site "Almansa ESP"]
[Date "2017.08.06"]
[Round "9.3"]
[White "Arias Igual, Alejandro"]
[Black "Villasenor Rubio, Emilio Jose"]
[Result "1/2-1/2"]
[WhiteElo "2232"]
[BlackElo "2231"]
[PlyCount "78"]
[EventDate "2017.08.01"]
[EventType "swiss"]
[EventRounds "9"]
[EventCountry "ESP"]
[SourceTitle "Ajedrez en Madrid"]
[Source "lmi"]
[SourceDate "2017.08.01"]
[SourceVersion "1"]
[SourceVersionDate "2017.08.11"]
[SourceQuality "1"]

1. d4 Nf6 2. c4 g6 3. Nc3 Bg7 4. e4 d6 5. h3 O-O 6. Bg5 c6 7. Qd2 a6 8. Nf3 b5
9. Bd3 e5 10. dxe5 dxe5 11. O-O Qe7 12. Rfd1 Nbd7 13. cxb5 axb5 14. Bc2 b4 15.
Na4 Ba6 16. Bb3 Bb5 17. Qc2 Rfc8 18. Rxd7 Qxd7 19. Nb6 Qe8 20. Nxc8 Rxc8 21.
Bxf6 Bxf6 22. Bc4 c5 23. Rd1 Bc6 24. Qe2 Rd8 25. Rxd8 Qxd8 26. Kf1 Qa8 27. Nd2
Bg5 28. f3 Qd8 29. Nb3 Qd6 30. Kf2 Ba4 31. Qd3 Qxd3 32. Bxd3 Bxb3 33. axb3 Bc1
34. h4 Bxb2 35. g3 Kg7 36. Kg2 Bc3 37. Bc4 Be1 38. Kh3 f5 39. g4 fxe4 1/2-1/2

[Event "12. Torneo de Promoción Almansa 2017"]
[Site "Almansa ESP"]
[Date "2017.08.06"]
[Round "9.4"]
[White "Silva Rodriguez, Fernando"]
[Black "Prieto Aranguren, Alain"]
[Result "0-1"]
[WhiteElo "2235"]
[BlackElo "2286"]
[PlyCount "78"]
[EventDate "2017.08.01"]
[EventType "swiss"]
[EventRounds "9"]
[EventCountry "ESP"]
[SourceTitle "Ajedrez en Madrid"]
[Source "lmi"]
[SourceDate "2017.08.01"]
[SourceVersion "1"]
[SourceVersionDate "2017.08.11"]
[SourceQuality "1"]

1. d4 Nf6 2. c4 g6 3. Nc3 Bg7 4. e4 d6 5. Nf3 O-O 6. h3 e5 7. d5 Nh5 8. g3 f5
9. exf5 gxf5 10. Nh4 Nf4 11. Bd2 Na6 12. a3 Nc5 13. Qc2 a5 14. O-O-O Ng6 15.
Nxg6 hxg6 16. Be3 e4 17. h4 Bd7 18. Kb1 Qe7 19. Re1 Be5 20. g4 fxg4 21. Bxc5
Bxc3 22. bxc3 dxc5 23. Bg2 Qf6 24. Bxe4 Ra6 25. Re2 Bf5 26. Bxf5 Qxf5 27. Rg1
Rb6+ 28. Kc1 Qf4+ 29. Re3 Qh2 30. Rxg4 Qh1+ 31. Kd2 Rxf2+ 32. Re2 Rxe2+ 33.
Kxe2 Rb2 34. Rxg6+ Kf7 35. Qxb2 Qh2+ 36. Kd3 Qxb2 37. Rh6 Qb1+ 38. Kd2 Qe4 39.
Rh8 Qxc4 0-1

[Event "12. Torneo de Promoción Almansa 2017"]
[Site "Almansa ESP"]
[Date "2017.08.06"]
[Round "9.5"]
[White "Navarro Lopez-Menchero, Daniel"]
[Black "Gil Quilez, David"]
[Result "1-0"]
[WhiteElo "2266"]
[BlackElo "2214"]
[PlyCount "85"]
[EventDate "2017.08.01"]
[EventType "swiss"]
[EventRounds "9"]
[EventCountry "ESP"]
[SourceTitle "Ajedrez en Madrid"]
[Source "lmi"]
[SourceDate "2017.08.01"]
[SourceVersion "1"]
[SourceVersionDate "2017.08.11"]
[SourceQuality "1"]

1. e4 e5 2. Nf3 Nc6 3. Bc4 Bc5 4. c3 Nf6 5. d4 exd4 6. e5 d5 7. Bb5 Ne4 8. Nxd4
Bd7 9. Bxc6 bxc6 10. O-O O-O 11. f3 Ng5 12. f4 Ne4 13. Be3 Qe7 14. Nd2 Nxd2 15.
Qxd2 f6 16. Nf3 fxe5 17. Nxe5 Bd6 18. Rae1 Bxe5 19. fxe5 Bf5 20. b4 Be4 21.
Rxf8+ Qxf8 22. Rf1 Qe8 23. Qf2 a5 24. Bc5 h6 25. Qg3 Qg6 26. Qxg6 Bxg6 27. e6
a4 28. e7 Bf7 29. g4 Re8 30. h4 Ra8 31. g5 hxg5 32. hxg5 Re8 33. Kh2 g6 34. Rf6
Ra8 35. a3 Rc8 36. Rxc6 Be8 37. Rf6 Bf7 38. Rf4 Kg7 39. Kg3 Kg8 40. b5 Ra8 41.
Kf2 Kg7 42. Bd4+ Kg8 43. Rh4 1-0

[Event "12. Torneo de Promoción Almansa 2017"]
[Site "Almansa ESP"]
[Date "2017.08.06"]
[Round "9.6"]
[White "Gimenez Menchon, Cesar"]
[Black "Garcia Romero, Benjamin Abel"]
[Result "0-1"]
[WhiteElo "2167"]
[BlackElo "2217"]
[PlyCount "137"]
[EventDate "2017.08.01"]
[EventType "swiss"]
[EventRounds "9"]
[EventCountry "ESP"]
[SourceTitle "Ajedrez en Madrid"]
[Source "lmi"]
[SourceDate "2017.08.01"]
[SourceVersion "1"]
[SourceVersionDate "2017.08.11"]
[SourceQuality "1"]

1. e4 c5 2. c3 d5 3. exd5 Qxd5 4. d4 Nf6 5. Nf3 Nc6 6. Be3 cxd4 7. cxd4 e6 8.
Nc3 Qa5 9. Bd3 Be7 10. a3 O-O 11. O-O Rd8 12. Qe2 Qh5 13. Rad1 Bd7 14. Bb1 Be8
15. Ba2 Rac8 16. Rfe1 Kf8 17. Bf4 Bd6 18. Be5 Bxe5 19. dxe5 Rxd1 20. Rxd1 Ng4
21. h3 Ngxe5 22. Nxe5 Qxe2 23. Ng6+ hxg6 24. Nxe2 g5 25. Nc3 Ne5 26. Rd4 Bc6
27. Bb3 Ke7 28. Kf1 Rh8 29. f3 Rh4 30. Rd2 Nc4 31. Re2 Rd4 32. Kf2 a5 33. Bxc4
Rxc4 34. Re5 b5 35. Rxg5 b4 36. Ne2 a4 37. Rg4 Rxg4 38. hxg4 bxa3 39. bxa3 Kd6
40. Ke3 Kc5 41. Nd4 Bb7 42. Kd3 g5 43. Kc3 e5 44. Nc2 e4 45. fxe4 Bxe4 46. Ne3
f6 47. g3 Bc6 48. Kd3 Bf3 49. Kc3 Be2 50. Kd2 Ba6 51. Kc3 Bc8 52. Kd3 Bd7 53.
Kc3 Bb5 54. Nf5 Kd5 55. Ne7+ Ke5 56. Ng8 Bd7 57. Nh6 Be6 58. Kb4 Bb3 59. Nf5
Ke4 60. Nd6+ Kd5 61. Ne8 Ke5 62. Ng7 Bd1 63. Ka5 Bxg4 64. Kxa4 f5 65. Kb4 f4
66. gxf4+ gxf4 67. Kc3 f3 68. Nf5 Kxf5 69. Kd4 0-1

[Event "12. Torneo de Promoción Almansa 2017"]
[Site "Almansa ESP"]
[Date "2017.08.06"]
[Round "9.7"]
[White "Esteban Romo, Francisco J"]
[Black "Amate Tortosa, Bernardo"]
[Result "0-1"]
[WhiteElo "2007"]
[BlackElo "2103"]
[PlyCount "106"]
[EventDate "2017.08.01"]
[EventType "swiss"]
[EventRounds "9"]
[EventCountry "ESP"]
[SourceTitle "Ajedrez en Madrid"]
[Source "lmi"]
[SourceDate "2017.08.01"]
[SourceVersion "1"]
[SourceVersionDate "2017.08.11"]
[SourceQuality "1"]

1. d4 g6 2. Nf3 Bg7 3. c3 d6 4. Bg5 Nd7 5. Nbd2 Ngf6 6. e4 e5 7. Bc4 O-O 8. O-O
c6 9. Re1 a5 10. a4 Qc7 11. Ba2 b5 12. axb5 cxb5 13. dxe5 dxe5 14. Nf1 Bb7 15.
N3d2 Nc5 16. Qc2 Rad8 17. Bxf6 Bxf6 18. Ne3 Nd3 19. Red1 Bg5 20. Bd5 Bxd5 21.
Nxd5 Nb4 22. Qb3 Nxd5 23. exd5 Bxd2 24. Rxd2 Qc4 25. Qxc4 bxc4 26. Rxa5 Ra8 27.
Rxa8 Rxa8 28. Kf1 Kf8 29. Ke2 Ke7 30. Kd1 Kd6 31. Kc2 Rb8 32. b4 cxb3+ 33. Kb2
f5 34. c4 Kc5 35. Kc3 e4 36. Rd1 b2 37. Kc2 Kxc4 38. d6 Kc5 39. d7 Rd8 40. Kxb2
Kc6 41. Kc3 Rxd7 42. Ra1 Kd6 43. Ra5 Ke6 44. Kc2 Kf6 45. h4 Kg7 46. h5 Kh6 47.
hxg6 hxg6 48. Kc3 Kg5 49. Re5 Kf4 50. Re6 g5 51. Rf6 Rd1 52. g3+ Kg4 53. Rb6
Rd3+ 0-1

[Event "12. Torneo de Promoción Almansa 2017"]
[Site "Almansa ESP"]
[Date "2017.08.06"]
[Round "9.8"]
[White "Delgado Alarcon, Jesus Francis"]
[Black "Martinez Lopez, Jaume"]
[Result "1-0"]
[WhiteElo "2026"]
[BlackElo "1974"]
[PlyCount "58"]
[EventDate "2017.08.01"]
[EventType "swiss"]
[EventRounds "9"]
[EventCountry "ESP"]
[SourceTitle "Ajedrez en Madrid"]
[Source "lmi"]
[SourceDate "2017.08.01"]
[SourceVersion "1"]
[SourceVersionDate "2017.08.11"]
[SourceQuality "1"]

1. d4 d6 2. e4 Nf6 3. f3 e5 4. d5 c6 5. c4 Na6 6. Nc3 Be7 7. Be3 Bd7 8. Bd3 Nc7
9. Nge2 O-O 10. O-O Nfe8 11. g4 Bg5 12. Qd2 Bxe3+ 13. Qxe3 c5 14. h3 Qh4 15.
Kg2 h5 16. Ng3 Nf6 17. Be2 Nce8 18. Rh1 g6 19. Qh6 Ng7 20. Raf1 Nh7 21. f4 exf4
22. Qxf4 Qe7 23. gxh5 g5 24. Qd2 Ne8 25. Nf5 Bxf5 26. Rxf5 Nef6 27. e5 dxe5 28.
Qe3 Rae8 29. Rhf1 Kh8 1-0

[Event "12. Torneo de Promoción Almansa 2017"]
[Site "Almansa ESP"]
[Date "2017.08.06"]
[Round "9.9"]
[White "Diaz Rodriguez, Jose Antonio"]
[Black "Villar Reymundo, Juan Antonio"]
[Result "0-1"]
[WhiteElo "2000"]
[BlackElo "2215"]
[PlyCount "69"]
[EventDate "2017.08.01"]
[EventType "swiss"]
[EventRounds "9"]
[EventCountry "ESP"]
[SourceTitle "Ajedrez en Madrid"]
[Source "lmi"]
[SourceDate "2017.08.01"]
[SourceVersion "1"]
[SourceVersionDate "2017.08.11"]
[SourceQuality "1"]

1. e4 c5 2. b3 Nc6 3. Bb2 e5 4. Bc4 Nf6 5. Qf3 d6 6. h3 Be7 7. Ne2 Be6 8. Na3
O-O 9. Ng3 a6 10. Bd5 Bxd5 11. exd5 Nb4 12. c4 e4 13. Qc3 Nd3+ 14. Kf1 b5 15.
cxb5 axb5 16. Nxb5 Nxb2 17. Qxb2 Nxd5 18. Nxe4 Qd7 19. Nbc3 Nf4 20. g3 f5 21.
Nf6+ Bxf6 22. gxf4 Qb7 23. Rh2 Qf3 24. Qc2 Bd4 25. Qd1 Qxf4 26. Rg2 Qh6 27. Qf3
Qxd2 28. Rg3 f4 29. Qd5+ Kh8 30. Ne4 fxg3 31. Nxd2 Rxf2+ 32. Ke1 Re8+ 33. Kd1
Bxa1 34. Kc2 g2 35. Qg5 0-1

[Event "12. Torneo de Promoción Almansa 2017"]
[Site "Almansa ESP"]
[Date "2017.08.06"]
[Round "9.10"]
[White "Jordan Martinez, Miguel"]
[Black "Nicolas Zapata, Javier"]
[Result "1-0"]
[WhiteElo "2212"]
[BlackElo "2138"]
[PlyCount "91"]
[EventDate "2017.08.01"]
[EventType "swiss"]
[EventRounds "9"]
[EventCountry "ESP"]
[SourceTitle "Ajedrez en Madrid"]
[Source "lmi"]
[SourceDate "2017.08.01"]
[SourceVersion "1"]
[SourceVersionDate "2017.08.11"]
[SourceQuality "1"]

1. e4 c5 2. Nf3 g6 3. d4 cxd4 4. Qxd4 Nf6 5. e5 Nc6 6. Qa4 Nd5 7. Qe4 Ndb4 8.
Na3 d5 9. exd6 Bf5 10. Qc4 Qxd6 11. Bf4 Qf6 12. c3 Rd8 13. Bg5 Qg7 14. Qb3 Be6
15. Nc4 f6 16. Be3 Nd5 17. Qxb7 Nxe3 18. Nxe3 Bd7 19. Rd1 e6 20. Bb5 Rb8 21.
Qa6 Rb6 22. Qa4 a6 23. Be2 Bc5 24. Nc4 Nd4 25. Qa5 Rb5 26. Qxa6 Nxe2 27. Kxe2
O-O 28. b4 Rc8 29. a4 Bf8 30. axb5 Rxc4 31. b6 Re4+ 32. Kd2 Bc6 33. Rhe1 Qd7+
34. Kc1 Rxe1 35. Rxe1 Bh6+ 36. Re3 e5 37. Kc2 Ba4+ 38. Kb2 Qd1 39. Qc4+ Kg7 40.
b7 Bxe3 41. fxe3 Qc2+ 42. Ka3 Bb5 43. Qxb5 Qxc3+ 44. Ka4 Qa1+ 45. Kb3 Qb1+ 46.
Kc4 1-0